[Event "URU-ch sf"]
[Site "Montevideo"]
[Date "2024.02.12"]
[Round "6"]
[White "Elena, Eduardo"]
[Black "Ruggiero, Alvaro"]
[Result "1-0"]
[WhiteElo "1925"]
[BlackElo "1827"]
[PlyCount "99"]
[EventDate "2024.02.09"]
[EventType "swiss"]
[EventRounds "7"]
[EventCountry "URU"]
[SourceTitle "CBM 218 Extra"]
[Source "ChessBase"]
[SourceDate "2024.03.31"]
[SourceVersion "1"]
[SourceVersionDate "2024.03.31"]
[SourceQuality "1"]

1. e4 c6 2. Nf3 d5 3. exd5 cxd5 4. d4 Nf6 5. Be2 Nc6 6. c3 Bf5 7. Bf4 h6 8. Nbd2 e6 9. h3 Bd6 10. Bxd6 Qxd6 11. Nf1 0-0 12. Ne3 Bh7 13. 0-0 Rac8 14. Nd2 Qe7 15. f4 Ne4 16. Nxe4 Bxe4 17. Bd3 f5 18. Bxe4 fxe4 19. Qg4 Qf7 20. f5 e5 21. f6 Kh7 22. Nxd5 g6 23. Ne7 Nxe7 24. fxe7 Qxe7 25. Qxe4 Rfe8 26. Rae1 Rc7 27. Qxe5 Qxe5 28. dxe5 Rce7 29. Rf2 Kg7 30. Rd2 h5 31. Rd6 Kh6 32. e6 Kg5 33. Re3 Kf6 34. Kf2 g5 35. Ke2 Kf5 36. Kd3 Kf6 37. Kd4 b6 38. Rf3+ Kg6 39. Kd5 Rc8 40. b4 g4 41. hxg4 hxg4 42. Re3 Rce8 43. c4 Kf6 44. c5 bxc5 45. bxc5 Rh8 46. Rd7 Rh5+ 47. Kd6 Rh1 48. c6 Rd1+ 49. Kc7 Rc1 50. Kd8 1-0

[Event "URU-ch sf"]
[Site "Montevideo"]
[Date "2024.02.11"]
[Round "4"]
[White "Saralegui Cassan, Mario"]
[Black "Ruggiero, Alvaro"]
[Result "1-0"]
[WhiteElo "1994"]
[BlackElo "1827"]
[PlyCount "95"]
[EventDate "2024.02.09"]
[EventType "swiss"]
[EventRounds "7"]
[EventCountry "URU"]
[SourceTitle "CBM 218 Extra"]
[Source "ChessBase"]
[SourceDate "2024.03.31"]
[SourceVersion "1"]
[SourceVersionDate "2024.03.31"]
[SourceQuality "1"]

1. d4 d5 2. Nf3 Nf6 3. c4 c6 4. Qc2 e6 5. g3 Be7 6. Bg2 0-0 7. 0-0 b6 8. Nbd2 Nbd7 9. b3 Bb7 10. e4 dxe4 11. Nxe4 Nxe4 12. Qxe4 Nf6 13. Qe2 c5 14. dxc5 Bxc5 15. Bb2 Qe7 16. Qc2 Be4 17. Bxf6 Qb7 18. Qc3 gxf6 19. Qxf6 Bd4 20. Qxd4 Bxf3 21. Bxf3 Qxf3 22. Rad1 Rad8 23. Qa1 f6 24. Qc1 e5 25. Rd2 Rd4 26. Qd1 Qxd1 27. Rfxd1 Rxd2 28. Rxd2 Rf7 29. Kf1 Kg7 30. Ke2 Kg6 31. h4 Kf5 32. Rd6 h5 33. Ke3 Re7 34. Rd5 Kg4 35. Rd8 Kf5 36. Rf8 Rh7 37. f3 Kg6 38. f4 Kf5 39. fxe5 Kxe5 40. Rd8 Kf5 41. Kf3 Re7 42. Rd5+ Kg6 43. c5 bxc5 44. Rxc5 Rd7 45. Ra5 Rd3+ 46. Kf4 Rd7 47. a3 Rd1 48. b4 1-0

[Event "URU-ch sf"]
[Site "Montevideo"]
[Date "2024.02.10"]
[Round "2"]
[White "Rouiller, Cristopher"]
[Black "Ruggiero, Alvaro"]
[Result "0-1"]
[WhiteElo "1588"]
[BlackElo "1827"]
[PlyCount "110"]
[EventDate "2024.02.09"]
[EventType "swiss"]
[EventRounds "7"]
[EventCountry "URU"]
[SourceTitle "CBM 218 Extra"]
[Source "ChessBase"]
[SourceDate "2024.03.31"]
[SourceVersion "1"]
[SourceVersionDate "2024.03.31"]
[SourceQuality "1"]

1. e4 c6 2. d4 d5 3. exd5 cxd5 4. Nf3 Bg4 5. h3 Bxf3 6. Qxf3 e6 7. Bd3 Nf6 8. Nd2 Nc6 9. c3 Be7 10. 0-0 0-0 11. Qe2 Bd6 12. Nf3 Qc7 13. Bg5 Nd7 14. Rfe1 e5 15. dxe5 Ndxe5 16. Nxe5 Bxe5 17. Qf3 d4 18. cxd4 Bxd4 19. Rac1 Bxb2 20. Rc2 Qa5 21. Qe4 g6 22. Bd2 Qa3 23. Rb1 Rfe8 24. Qd5 Rad8 25. Qb5 Qxd3 26. Qxd3 Rxd3 27. Rcxb2 b6 28. Bh6 Nd4 29. Rb4 f6 30. Be3 Nc2 31. R4b3 Rxb3 32. Rxb3 Nxe3 33. fxe3 Re4 34. Kf2 Ra4 35. a3 Kf7 36. Rc3 Ke6 37. Kf3 Ke5 38. Rc7 Rxa3 39. Rxh7 a5 40. Rg7 g5 41. Re7+ Kd6 42. Re8 b5 43. Kg4 b4 44. Kf5 Ra2 45. Kxf6 Rxg2 46. e4 b3 47. e5+ Kd7 48. Re7+ Kc6 49. Re8 b2 50. Rb8 a4 51. e6 a3 52. e7 Re2 53. e8Q+ Rxe8 54. Rxe8 b1Q 55. Kxg5 Qg1+ 0-1

[Event "URU-ch sf"]
[Site "Montevideo"]
[Date "2020.02.25"]
[Round "7"]
[White "Manteiga, Franco"]
[Black "Ruggiero, Alvaro"]
[Result "1-0"]
[WhiteElo "1703"]
[BlackElo "1843"]
[PlyCount "85"]
[EventDate "2020.02.21"]
[EventType "swiss"]
[EventRounds "8"]
[EventCountry "URU"]
[SourceTitle "CBM 195 Extra"]
[Source "ChessBase"]
[SourceDate "2020.05.31"]
[SourceVersion "1"]
[SourceVersionDate "2020.05.31"]
[SourceQuality "1"]

1. d4 d5 2. c4 c6 3. cxd5 cxd5 4. Nc3 Nf6 5. Bf4 Nc6 6. e3 Bf5 7. Qb3 Qd7 8. Bb5 a6 9. Ba4 e6 10. Nf3 Be7 11. Ne5 Qc8 12. Qxb7 Qxb7 13. Bxc6+ Qxc6 14. Nxc6 Rc8 15. Nxe7 Kxe7 16. Bg5 h6 17. Bxf6+ Kxf6 18. Kd2 Rc6 19. Rac1 Rb6 20. b3 Ra8 21. Na4 Rd6 22. Rc7 Bg6 23. Rhc1 e5 24. R1c6 Rad8 25. Nc5 exd4 26. exd4 Kg5 27. Rxd6 Rxd6 28. Ra7 Bb1 29. a3 Rf6 30. Ke3 Ba2 31. Rxa6 Rxa6 32. Nxa6 Bxb3 33. Nc5 Bc4 34. a4 f5 35. a5 f4+ 36. Kd2 Bb5 37. a6 f3 38. g3 Kg4 39. h4 g5 40. hxg5 hxg5 41. a7 Bc6 42. Nd7 Bxd7 43. a8Q 1-0

[Event "URU-ch sf"]
[Site "Montevideo"]
[Date "2020.02.25"]
[Round "8"]
[White "Ruggiero, Alvaro"]
[Black "Rey, Fernando"]
[Result "1/2-1/2"]
[WhiteElo "1843"]
[BlackElo "1640"]
[PlyCount "25"]
[EventDate "2020.02.21"]
[EventType "swiss"]
[EventRounds "8"]
[EventCountry "URU"]
[SourceTitle "CBM 195 Extra"]
[Source "ChessBase"]
[SourceDate "2020.05.31"]
[SourceVersion "1"]
[SourceVersionDate "2020.05.31"]
[SourceQuality "1"]

1. e4 e6 2. d4 d5 3. exd5 exd5 4. Bd3 Bd6 5. Nf3 Nc6 6. 0-0 Nge7 7. c3 Bg4 8. Re1 f6 9. Bg5 Qd7 10. Be3 0-0-0 11. b4 Na5 12. a4 Nac6 13. a5 1/2-1/2

[Event "Montevideo Duchamp Cup 3rd"]
[Site "Montevideo"]
[Date "2019.02.11"]
[Round "4"]
[White "Ruggiero, Alvaro"]
[Black "Munoz Perez, Rolando"]
[Result "0-1"]
[WhiteElo "1869"]
[BlackElo "2122"]
[PlyCount "50"]
[EventDate "2019.02.09"]
[EventType "swiss"]
[EventRounds "9"]
[EventCountry "URU"]
[SourceTitle "CBM 188 Extra"]
[Source "ChessBase"]
[SourceDate "2019.02.28"]
[SourceVersion "1"]
[SourceVersionDate "2019.02.28"]
[SourceQuality "1"]

1. e4 e5 2. Bc4 d6 3. Nf3 Be7 4. c3 Nf6 5. Qb3 0-0 6. d3 c6 7. Bg5 b5 8. Bxf6 Bxf6 9. Bxb5 cxb5 10. Qd5 Qb6 11. Na3 a6 12. 0-0 Nc6 13. Qb3 Be6 14. Qc2 d5 15. Nd2 Rac8 16. exd5 Bxd5 17. c4 Nd4 18. Qd1 Bb7 19. b3 Rfd8 20. Rc1 Ne6 21. cxb5 axb5 22. Rxc8 Bxc8 23. Ne4 Be7 24. Nc2 Bb7 25. Qe2 Nf4 0-1

[Event "American Continental 14th"]
[Site "Montevideo"]
[Date "2018.06.09"]
[Round "10"]
[White "Ortiz, Jorge Daniel"]
[Black "Ruggiero, Alvaro"]
[Result "1/2-1/2"]
[WhiteElo "1784"]
[BlackElo "1894"]
[PlyCount "97"]
[EventDate "2018.06.01"]
[EventType "swiss"]
[EventRounds "11"]
[EventCountry "URU"]
[SourceTitle "CBM 184 Extra"]
[Source "ChessBase"]
[SourceDate "2018.06.28"]
[SourceVersion "1"]
[SourceVersionDate "2018.06.28"]
[SourceQuality "1"]

1. e4 c6 2. c4 d5 3. exd5 cxd5 4. d4 e6 5. Nc3 Nf6 6. Bd3 Be7 7. Nge2 dxc4 8. Bxc4 Nbd7 9. d5 exd5 10. Nxd5 Nxd5 11. Qxd5 0-0 12. 0-0 Nb6 13. Qxd8 Rxd8 14. Bb3 Bg4 15. Ng3 Bf6 16. Ne4 Be5 17. Re1 Re8 18. h3 Bf5 19. Kf1 Rac8 20. Re2 h6 21. f4 Bxb2 22. Bxf7+ Kxf7 23. Nd6+ Kg6 24. Rxb2 Bd3+ 25. Kf2 Nc4 26. Nxe8 Nxb2 27. Bxb2 Rxe8 28. Re1 Rc8 29. Rc1 Bc4 30. a3 b5 31. Rd1 Rc7 32. g4 a5 33. Rd6+ Kh7 34. Bc3 a4 35. h4 Re7 36. g5 hxg5 37. fxg5 Bf7 38. Bb4 Re4 39. Rb6 Rxh4 40. Rxb5 Rg4 41. Kf3 Bh5 42. Kf2 Bf7 43. Kf3 Rd4 44. Ra5 Bh5+ 45. Kg3 Bd1 46. Kf2 Rd7 47. Kg3 Kg6 48. Ra6+ Kxg5 49. Rd6 1/2-1/2

[Event "American Continental 14th"]
[Site "Montevideo"]
[Date "2018.06.01"]
[Round "1"]
[White "Ruggiero, Alvaro"]
[Black "Thavandiran, Shiyam"]
[Result "0-1"]
[WhiteElo "1894"]
[BlackElo "2417"]
[PlyCount "68"]
[EventDate "2018.06.01"]
[EventType "swiss"]
[EventRounds "11"]
[EventCountry "URU"]
[SourceTitle "CBM 184 Extra"]
[Source "ChessBase"]
[SourceDate "2018.06.28"]
[SourceVersion "1"]
[SourceVersionDate "2018.06.28"]
[SourceQuality "1"]

1. e4 c6 2. d4 d5 3. exd5 cxd5 4. Nf3 Nf6 5. Bd3 Nc6 6. c3 g6 7. 0-0 Bf5 8. Qc2 e6 9. Re1 Bxd3 10. Qxd3 Bg7 11. Nbd2 0-0 12. Nb3 Ne4 13. Nfd2 Nd6 14. Nf3 Nc4 15. Nbd2 b5 16. b3 Nd6 17. Ba3 b4 18. cxb4 Qb6 19. b5 Nxd4 20. Bxd6 Nxf3+ 21. Nxf3 Qxd6 22. Rac1 Rac8 23. a4 e5 24. Qd2 d4 25. Rxc8 Rxc8 26. Rc1 Rc5 27. h3 e4 28. Rxc5 Qxc5 29. Ne1 d3 30. Kf1 Qc3 31. Qd1 Bd4 32. Kg1 Qb2 33. Nxd3 exd3 34. Qxd3 Qxf2+ 0-1

[Event "URU-ch sf"]
[Site "Montevideo"]
[Date "2017.02.26"]
[Round "4"]
[White "Ruggiero, Alvaro"]
[Black "Tregarthen, Emiliano"]
[Result "0-1"]
[WhiteElo "1908"]
[BlackElo "2085"]
[PlyCount "84"]
[EventDate "2017.02.24"]
[EventType "swiss"]
[EventRounds "8"]
[EventCountry "URU"]
[SourceTitle "CBM 177 Extra"]
[Source "ChessBase"]
[SourceDate "2017.04.27"]
[SourceVersion "1"]
[SourceVersionDate "2017.04.27"]
[SourceQuality "1"]

1. e4 c5 2. Nc3 d6 3. f4 a6 4. Nf3 e6 5. g3 Nf6 6. d3 Be7 7. Bg2 Nc6 8. 0-0 Qc7 9. Kh1 Rb8 10. a4 0-0 11. b3 b5 12. axb5 axb5 13. Ne2 d5 14. e5 Nd7 15. d4 c4 16. bxc4 dxc4 17. d5 exd5 18. Nfd4 Nxd4 19. Nxd4 Bc5 20. e6 Nf6 21. f5 Qb6 22. exf7+ Rxf7 23. Nf3 Bb7 24. Ng5 Re7 25. Ne6 d4 26. Bg5 Bxg2+ 27. Kxg2 Qc6+ 28. Kh3 Rxe6 29. fxe6 Qxe6+ 30. Kg2 Qd5+ 31. Qf3 Qxg5 32. Ra8 Rxa8 33. Qxa8+ Kf7 34. Qb7+ Kg6 35. Qxb5 Qd5+ 36. Rf3 h5 37. h3 Ng4 38. Qe8+ Kh7 39. h4 Nh2 40. Kxh2 Qxf3 41. Qe5 d3 42. cxd3 Qf2+ 0-1

[Event "URU-ch sf"]
[Site "Montevideo"]
[Date "2017.02.24"]
[Round "1"]
[White "Muniz, Rafael"]
[Black "Ruggiero, Alvaro"]
[Result "1-0"]
[WhiteElo "2292"]
[BlackElo "1908"]
[PlyCount "123"]
[EventDate "2017.02.24"]
[EventType "swiss"]
[EventRounds "8"]
[EventCountry "URU"]
[SourceTitle "CBM 177 Extra"]
[Source "ChessBase"]
[SourceDate "2017.04.27"]
[SourceVersion "1"]
[SourceVersionDate "2017.04.27"]
[SourceQuality "1"]

1. e4 c6 2. d4 d5 3. Nc3 dxe4 4. Nxe4 Bf5 5. Ng3 Bg6 6. Bc4 Nf6 7. N1e2 h6 8. Nf4 Bh7 9. 0-0 Nbd7 10. Re1 Nb6 11. Bb3 Nbd5 12. c4 Nxf4 13. Bxf4 g5 14. Be5 Bg7 15. Bc2 Bxc2 16. Qxc2 e6 17. Nf5 0-0 18. Nxg7 Kxg7 19. Qb3 Qe7 20. Qg3 Rg8 21. Rad1 Kh7 22. Bd6 Qd7 23. Ba3 Rg6 24. Qd6 Qxd6 25. Bxd6 Rd8 26. Be5 h5 27. f3 Nd7 28. Bc7 Rc8 29. Bg3 Nf6 30. Be5 Rd8 31. h3 h4 32. Kf2 Nh5 33. Rd2 Nf6 34. Red1 Rd7 35. a4 b6 36. b4 a6 37. Ke3 Ne8 38. c5 b5 39. axb5 axb5 40. Ra1 Nf6 41. Bxf6 Rxf6 42. Ra6 Rc7 43. Kd3 Rf5 44. Re2 Kg6 45. Re4 Kf6 46. Ke3 Kg6 47. Rg4 f6 48. f4 Rd5 49. fxg5 Rxg5 50. Rxg5+ Kxg5 51. Ke4 Kg6 52. Ra8 Rg7 53. Rc8 Kf7 54. Rc7+ Kf8 55. Rxg7 Kxg7 56. Kf4 Kh6 57. Kg4 Kg6 58. Kxh4 Kf5 59. Kg3 Kg5 60. Kf3 Kh4 61. Kf4 f5 62. g4 1-0

[Event "American Continental 11th"]
[Site "Montevideo"]
[Date "2015.05.24"]
[Round "11"]
[White "Ruggiero, Alvaro"]
[Black "Larrea, Daniela"]
[Result "1/2-1/2"]
[WhiteElo "1967"]
[BlackElo "1705"]
[PlyCount "182"]
[EventDate "2015.05.15"]
[EventType "swiss"]
[EventRounds "11"]
[EventCountry "URU"]
[SourceTitle "CBM 167"]
[Source "ChessBase"]
[SourceDate "2015.07.13"]
[SourceVersion "1"]
[SourceVersionDate "2015.07.13"]
[SourceQuality "1"]

1. e4 c5 2. d4 cxd4 3. Qxd4 Nc6 4. Qd1 Nf6 5. Nc3 g6 6. Nf3 d6 7. Bc4 Bg7 8. 0-0 0-0 9. a3 Bg4 10. h3 Bxf3 11. Qxf3 Ne5 12. Qe2 Nxc4 13. Qxc4 Rc8 14. Qb3 Qc7 15. Be3 a6 16. f3 b5 17. Rac1 Qc4 18. Qxc4 Rxc4 19. Ne2 Rfc8 20. c3 Nd7 21. Rcd1 Nf6 22. Rd2 h5 23. Rfd1 Kh7 24. Nd4 Bh6 25. Kf2 Bxe3+ 26. Kxe3 Kg7 27. Ne2 R4c7 28. f4 Rc4 29. e5 dxe5 30. fxe5 Re4+ 31. Kf3 Rxe5 32. Rd8 Rec5 33. g4 hxg4+ 34. hxg4 Rxd8 35. Rxd8 Rd5 36. Ra8 Rd6 37. Ng3 Rd2 38. Rxa6 Rxb2 39. g5 Nd5 40. Ne4 Rb3 41. Nd2 Rxc3+ 42. Ke4 e6 43. Ra7 Rg3 44. Nf3 Rg4+ 45. Ke5 Nb6 46. Nd2 Rxg5+ 47. Kf4 Rf5+ 48. Kg4 Nd5 49. Nf3 Kf6 50. Rb7 Nc3 51. Nd4 Rc5 52. Kg3 Rc4 53. Nf3 Ne4+ 54. Kg2 Ng5 55. Nh2 Rc5 56. Ng4+ Kf5 57. Nh6+ Ke4 58. Nxf7 Nxf7 59. Rxf7 g5 60. Re7 Kf5 61. Ra7 Rc3 62. a4 bxa4 63. Rxa4 e5 64. Ra8 e4 65. Kf2 Kg4 66. Re8 Rf3+ 67. Kg2 Rf4 68. Re7 Kf5 69. Kg3 Rf3+ 70. Kg2 Ra3 71. Re8 e3 72. Kf3 e2+ 73. Kxe2 Kg4 74. Kf2 Ra2+ 75. Kg1 Kg3 76. Re3+ Kf4 77. Rb3 g4 78. Rb5 Kg3 79. Rb3+ Kh4 80. Rb7 Kh3 81. Rb3+ g3 82. Rb1 Rd2 83. Ra1 Rg2+ 84. Kh1 Re2 85. Kg1 Kg4 86. Ra4+ Kf3 87. Ra3+ Re3 88. Rxe3+ Kxe3 89. Kg2 Kf4 90. Kg1 Kg5 91. Kg2 Kg4 1/2-1/2

[Event "American Continental 11th"]
[Site "Montevideo"]
[Date "2015.05.23"]
[Round "10"]
[White "Chamlian, Aram"]
[Black "Ruggiero, Alvaro"]
[Result "1/2-1/2"]
[WhiteElo "1714"]
[BlackElo "1967"]
[PlyCount "108"]
[EventDate "2015.05.15"]
[EventType "swiss"]
[EventRounds "11"]
[EventCountry "URU"]
[SourceTitle "CBM 167"]
[Source "ChessBase"]
[SourceDate "2015.07.13"]
[SourceVersion "1"]
[SourceVersionDate "2015.07.13"]
[SourceQuality "1"]

1. e4 c6 2. d3 d5 3. Nd2 dxe4 4. dxe4 g6 5. Ngf3 Bg7 6. Bc4 Nf6 7. 0-0 0-0 8. Re1 Bg4 9. e5 Nd5 10. h3 Bxf3 11. Nxf3 e6 12. Bg5 Qc7 13. Qd2 Nd7 14. Bh6 Rad8 15. Bxd5 cxd5 16. Bxg7 Kxg7 17. g4 Rc8 18. c3 Nc5 19. h4 Qe7 20. g5 Ne4 21. Qe3 Qc5 22. Nd4 a6 23. Kg2 Qe7 24. f3 Nc5 25. Rh1 Rg8 26. Rh2 Na4 27. Qd2 Qc7 28. f4 Nc5 29. Rah1 Ne4 30. Qe3 Qc4 31. a3 Qa2 32. Kf3 Rc7 33. h5 gxh5 34. Rxh5 Kf8 35. Rxh7 Ke7 36. Nxe6 Kxe6 37. f5+ Ke7 38. g6 Qxb2 39. Rxf7+ Kd8 40. Rxc7 Kxc7 41. Rh7+ Kc6 42. g7 Qb1 43. f6 Nd2+ 44. Qxd2 Qxh7 45. c4 Qh5+ 46. Kg2 Qg4+ 47. Kf2 Qxc4 48. f7 Qh4+ 49. Kf1 Qh1+ 50. Kf2 Qh2+ 51. Kf1 Qh1+ 52. Kf2 Qh4+ 53. Kf1 Qh1+ 54. Kf2 Qh4+ 1/2-1/2

[Event "American Continental 11th"]
[Site "Montevideo"]
[Date "2015.05.20"]
[Round "7"]
[White "Ruggiero, Alvaro"]
[Black "Campora, Edgardo"]
[Result "1/2-1/2"]
[WhiteElo "1967"]
[BlackElo "1847"]
[PlyCount "108"]
[EventDate "2015.05.15"]
[EventType "swiss"]
[EventRounds "11"]
[EventCountry "URU"]
[SourceTitle "CBM 167"]
[Source "ChessBase"]
[SourceDate "2015.07.13"]
[SourceVersion "1"]
[SourceVersionDate "2015.07.13"]
[SourceQuality "1"]

1. e4 c5 2. Nc3 e6 3. f4 a6 4. a4 Nc6 5. Bc4 d6 6. Nf3 g6 7. 0-0 Bg7 8. f5 exf5 9. d3 Nge7 10. Qe1 Be6 11. Nd5 Bxd5 12. Bxd5 Nxd5 13. exd5+ Ne5 14. d4 cxd4 15. Nxd4 0-0 16. c3 Nd3 17. Qe3 Nxc1 18. Raxc1 Qb6 19. Nxf5 Qxe3+ 20. Nxe3 Bh6 21. Rce1 Rfe8 22. Nc4 Bf8 23. Nb6 Rad8 24. Rxe8 Rxe8 25. h3 Re2 26. Rf2 Re1+ 27. Kh2 Bh6 28. Nc4 Re4 29. Nxd6 Bf4+ 30. Rxf4 Rxf4 31. Nxb7 Rf2 32. d6 Rd2 33. c4 Kf8 34. c5 Ke8 35. c6 a5 36. d7+ Ke7 37. Nxa5 Rxb2 38. Nb7 Rd2 39. d8Q+ Rxd8 40. Nxd8 Kxd8 41. Kg3 Kc7 42. Kf4 f6 43. Ke4 Kxc6 44. Kd4 Kd6 45. a5 Kc6 46. a6 Kb6 47. Kd5 f5 48. a7 Kxa7 49. Ke5 Kb6 50. Kf6 Kc5 51. Kg7 g5 52. Kf6 g4 53. hxg4 fxg4 54. Kg5 g3 1/2-1/2

[Event "American Continental 11th"]
[Site "Montevideo"]
[Date "2015.05.17"]
[Round "4"]
[White "Anza, Vicenzo"]
[Black "Ruggiero, Alvaro"]
[Result "0-1"]
[WhiteElo "1486"]
[BlackElo "1967"]
[PlyCount "76"]
[EventDate "2015.05.15"]
[EventType "swiss"]
[EventRounds "11"]
[EventCountry "URU"]
[SourceTitle "CBM 167"]
[Source "ChessBase"]
[SourceDate "2015.07.13"]
[SourceVersion "1"]
[SourceVersionDate "2015.07.13"]
[SourceQuality "1"]

1. e4 c6 2. d4 d5 3. exd5 cxd5 4. Nf3 Nf6 5. Bb5+ Bd7 6. Bxd7+ Nbxd7 7. 0-0 e6 8. Bg5 Be7 9. Ne5 0-0 10. Nc3 Rc8 11. Re1 Nxe5 12. dxe5 Nd7 13. Bf4 Bb4 14. Qg4 Rc4 15. Re3 Bxc3 16. Rxc3 Nxe5 17. Qg3 Rxc3 18. bxc3 Ng6 19. Be3 b6 20. h4 Qxh4 21. Qxh4 Nxh4 22. a4 Nf5 23. Bf4 Rc8 24. a5 h5 25. a6 Ne7 26. Be3 Nc6 27. Kh2 Na5 28. Rb1 Nc4 29. Bd4 e5 30. Be3 Nxe3 31. fxe3 Rxc3 32. Rd1 Rc5 33. c4 dxc4 34. Rd8+ Kh7 35. Ra8 c3 36. Rxa7 c2 37. Ra8 c1Q 38. a7 Rc8 0-1

[Event "URU-ch sf"]
[Site "Montevideo"]
[Date "2014.03.01"]
[Round "2"]
[White "Ruggiero, Alvaro"]
[Black "Lopez Azambuja, Nicolas"]
[Result "0-1"]
[WhiteElo "1979"]
[BlackElo "2205"]
[PlyCount "94"]
[EventDate "2014.02.28"]
[EventType "swiss"]
[EventRounds "9"]
[EventCountry "URU"]
[SourceTitle "CBM 159 Extra"]
[Source "ChessBase"]
[SourceDate "2014.04.24"]
[SourceVersion "1"]
[SourceVersionDate "2014.04.24"]
[SourceQuality "1"]

1. e4 c5 2. Nc3 Nc6 3. f4 g6 4. Nf3 Bg7 5. g3 d6 6. Bg2 e6 7. 0-0 Nge7 8. d3 0-0 9. Ne2 b6 10. c3 Ba6 11. Rf2 Rc8 12. Be3 d5 13. exd5 Nxd5 14. Bc1 Nde7 15. Ne1 Qd7 16. Qc2 Rfd8 17. Rf3 Bb7 18. Rf1 Na5 19. Bxb7 Qxb7 20. Be3 h5 21. Rd1 Nac6 22. Nf3 Nf5 23. Bc1 Nce7 24. c4 Nc6 25. a3 Rd7 26. h3 Rcd8 27. Kh2 Rd6 28. g4 hxg4 29. hxg4 Nh6 30. Kg3 f5 31. g5 Ng4 32. Nh2 Nxh2 33. Kxh2 Qd7 34. Rf3 e5 35. fxe5 Nxe5 36. Rh3 Nxd3 37. Rf1 Nxc1 38. Qxc1 Rd2 39. Re3 Qd4 40. Rff3 Qh4+ 41. Kg2 Rd1 42. Re8+ Kf7 43. Rh3 Qe1 44. Re7+ Kxe7 45. Qe3+ Kf7 46. Rh7 Qf1+ 47. Kg3 R8d3 0-1

[Event "URU-chTB"]
[Site "Punta del Este"]
[Date "2013.08.18"]
[Round "5.31"]
[White "Ruggiero, Alvaro"]
[Black "Chacon Jerez, Joel"]
[Result "1-0"]
[WhiteElo "1976"]
[BlackElo "2066"]
[PlyCount "71"]
[EventDate "2013.08.16"]
[EventType "team-swiss"]
[EventRounds "5"]
[EventCountry "URU"]
[SourceTitle "EXT 2018"]
[Source "ChessBase"]
[SourceDate "2017.10.13"]
[SourceVersion "1"]
[SourceVersionDate "2017.10.13"]
[SourceQuality "1"]

1. e4 c6 2. d4 d5 3. exd5 cxd5 4. Bd3 Nc6 5. Nf3 Bg4 6. c3 Nf6 7. 0-0 e6 8. Re1 Bd6 9. Nbd2 0-0 10. Nf1 h6 11. Bd2 a6 12. Rc1 b5 13. h3 Bxf3 14. Qxf3 b4 15. Ne3 bxc3 16. bxc3 Bc7 17. Ng4 Nxg4 18. Qxg4 f5 19. Qh5 Qf6 20. Rb1 Ra7 21. Qe2 e5 22. dxe5 Nxe5 23. Be3 Nxd3 24. Qxd3 Raa8 25. Qxd5+ Kh8 26. Rb7 Qxc3 27. Bd2 Qc2 28. Qd7 Rad8 29. Rxc7 Qb2 30. Qe7 Rfe8 31. Qxe8+ Rxe8 32. Rxe8+ Kh7 33. Bc3 Qc1+ 34. Re1 Qa3 35. Rxg7+ Kh8 36. Re8+ 1-0

[Event "URU-chTB"]
[Site "Punta del Este"]
[Date "2013.08.17"]
[Round "2.21"]
[White "Cordero, Renzo"]
[Black "Ruggiero, Alvaro"]
[Result "1/2-1/2"]
[WhiteElo "1819"]
[BlackElo "1976"]
[PlyCount "153"]
[EventDate "2013.08.16"]
[EventType "team-swiss"]
[EventRounds "5"]
[EventCountry "URU"]
[SourceTitle "EXT 2018"]
[Source "ChessBase"]
[SourceDate "2017.10.13"]
[SourceVersion "1"]
[SourceVersionDate "2017.10.13"]
[SourceQuality "1"]

1. Nf3 Nf6 2. d4 d5 3. e3 Bf5 4. Bd3 Bxd3 5. cxd3 e6 6. 0-0 c5 7. Nc3 Nc6 8. dxc5 Bxc5 9. d4 Be7 10. Bd2 0-0 11. Qe2 Rc8 12. Rac1 a6 13. a3 Na5 14. Rc2 Ne4 15. Ne5 Nxd2 16. Qxd2 Nc4 17. Nxc4 Rxc4 18. Rfc1 Qa5 19. Ne2 Qxd2 20. Rxd2 Rfc8 21. Rdd1 Rc2 22. Nc3 Rxc1 23. Rxc1 Kf8 24. Ne2 Rc4 25. Rc3 b5 26. Kf1 Ke8 27. Ke1 a5 28. Kd1 Kd7 29. Rc2 Kc6 30. Nf4 Bd6 31. Nd3 Bxh2 32. g3 f6 33. b3 Rxc2 34. Kxc2 h5 35. Kd2 h4 36. gxh4 Bd6 37. b4 a4 38. h5 e5 39. Kc3 Kd7 40. Nc5+ Ke7 41. Kd3 e4+ 42. Ke2 f5 43. f4 exf3+ 44. Kxf3 Kf6 45. Ke2 Kg5 46. Ne6+ Kh6 47. Kd3 Kxh5 48. Nxg7+ Kg4 49. Ne6 f4 50. exf4 Bxf4 51. Kc2 Kf3 52. Nc5 Ke3 53. Kc3 Bg3 54. Ne6 Bd6 55. Nc5 Be7 56. Ne6 Bf6 57. Nc7 Bxd4+ 58. Kc2 Ke4 59. Nxb5 Be5 60. Nc3+ Kd4 61. Nxa4 Ke3 62. Nc5 Kd4 63. Kb3 Bd6 64. Ne6+ Ke5 65. Nc5 Kd4 66. Nb7 Bb8 67. a4 Ke3 68. Kc2 Kd4 69. Kb3 Ke3 70. Nc5 Ba7 71. Kc3 d4+ 72. Kc2 Bxc5 73. bxc5 Ke2 74. c6 d3+ 75. Kb2 d2 76. c7 d1Q 77. c8Q 1/2-1/2

[Event "URU-ch 83rd"]
[Site "Montevideo"]
[Date "2013.03.17"]
[Round "10"]
[White "Ruggiero, Alvaro"]
[Black "Sosa Macho, Juan Manuel"]
[Result "0-1"]
[WhiteElo "1983"]
[BlackElo "2157"]
[PlyCount "115"]
[EventDate "2013.03.11"]
[EventType "tourn"]
[EventRounds "11"]
[EventCountry "URU"]
[SourceTitle "CBM 153 Extra"]
[Source "ChessBase"]
[SourceDate "2013.04.22"]
[SourceVersion "1"]
[SourceVersionDate "2013.04.22"]
[SourceQuality "1"]

1. e4 c5 2. Nc3 Nc6 3. f4 g6 4. Nf3 Bg7 5. Bc4 e6 6. 0-0 d6 7. Qe1 Nge7 8. d3 Nd4 9. Nxd4 cxd4 10. Ne2 0-0 11. Qh4 Nc6 12. Qxd8 Rxd8 13. a3 Bd7 14. b4 a6 15. Bb2 b5 16. Bb3 a5 17. bxa5 Rxa5 18. h3 Kh8 19. Kh1 Ra7 20. Rab1 Rc8 21. Rfc1 Kg8 22. Rf1 Be8 23. f5 e5 24. fxg6 hxg6 25. c3 dxc3 26. Nxc3 Nd4 27. Bd1 Bc6 28. Na2 Ne6 29. Bg4 Bd7 30. Bxe6 fxe6 31. Nb4 Bh6 32. Rf6 Kh7 33. g3 Rf8 34. Rxf8 Bxf8 35. Rc1 Bh6 36. Rc2 Be3 37. Kg2 Bc5 38. Bc1 Be8 39. g4 Kg7 40. Bb2 Kf8 41. Bc1 Ra4 42. Kf3 Ke7 43. h4 Bxb4 44. axb4 Rxb4 45. Rc7+ Kd8 46. Ra7 Bc6 47. Bg5+ Kc8 48. h5 gxh5 49. gxh5 Rb1 50. Re7 Rh1 51. h6 b4 52. Rxe6 b3 53. Bc1 Rxc1 54. Kg2 b2 55. h7 Rh1 56. Kxh1 b1Q+ 57. Kh2 Qc2+ 58. Kh3 0-1

[Event "URU-ch 83rd"]
[Site "Montevideo"]
[Date "2013.03.14"]
[Round "5"]
[White "Lopez Azambuja, Nicolas"]
[Black "Ruggiero, Alvaro"]
[Result "1-0"]
[WhiteElo "2167"]
[BlackElo "1983"]
[PlyCount "61"]
[EventDate "2013.03.11"]
[EventType "tourn"]
[EventRounds "11"]
[EventCountry "URU"]
[SourceTitle "CBM 153 Extra"]
[Source "ChessBase"]
[SourceDate "2013.04.22"]
[SourceVersion "1"]
[SourceVersionDate "2013.04.22"]
[SourceQuality "1"]

1. d4 d5 2. c4 c6 3. Nf3 Nf6 4. e3 e6 5. b3 Nbd7 6. Bb2 b6 7. Bd3 Bb7 8. 0-0 Bd6 9. Nbd2 0-0 10. Ne5 c5 11. cxd5 exd5 12. f4 cxd4 13. Nxd7 Qxd7 14. Bxd4 Ne4 15. Nxe4 dxe4 16. Bc4 b5 17. Be2 Rfd8 18. Qe1 f5 19. Rd1 a6 20. Qg3 Qe7 21. Qh3 Bc8 22. Kh1 Be6 23. g4 fxg4 24. Bxg4 Bxg4 25. Qxg4 Bc5 26. Bxc5 Qxc5 27. Qe6+ Kh8 28. Rxd8+ Rxd8 29. Qxe4 h6 30. Rg1 Rd2 31. Qe8+ 1-0